Estrategias para países en desarrollo en las negociaciones sobre agricultura de la OMC /
Wedi'i Gadw mewn:
| Prif Awdur: | |
|---|---|
| Fformat: | Texto |
| Pynciau: | |
| Tagiau: |
Ychwanegu Tag
Dim Tagiau, Byddwch y cyntaf i dagio'r cofnod hwn!
|
MARC
| LEADER | 00000 a a2200000 04500 | ||
|---|---|---|---|
| 001 | 13082 | ||
| 003 | |||
| 040 | |||
| 100 | |a Hoda, Anwarul | ||
| 245 | |a Estrategias para países en desarrollo en las negociaciones sobre agricultura de la OMC / |c Anwarul Hoda | ||
| 650 | |a AGRICULTURA | ||
| 650 | |a EXPORTACIONES | ||
| 650 | |a ARANCELES | ||
| 650 | |a ACUERDOS ECONOMICOS | ||
| 650 | |a PAISES EN DESARROLLO | ||
| 773 | |g volumen 6, número 1; páginas 1-3 | ||
| 999 | |c 37918 |d 37918 | ||
